Biggest Exporter By Commodity - Statistics

General Stats
  • This quiz has been taken 18 times
  • The average score is 9 of 25
Answer Stats
Category Country % Correct
Refined Petroleum United States
100%
Rice India
92%
Cars Germany
85%
Crude Petroleum Saudi Arabia
85%
Broadcasting Equipment China
69%
Integrated Circuits Taiwan
62%
Iron Ore Australia
54%
Palm Oil Indonesia
54%
Hard Liquor United Kingdom
38%
Soybeans Brazil
31%
Special Purpose Ships South Korea
31%
Raw Aluminum Canada
23%
Water France
23%
Thermostats Japan
23%
Tanned Equine and Bovine Hides Italy
15%
Chromium Ore South Africa
15%
Prepared Pigments Spain
15%
Cement Turkey
15%
Phosphatic Fertilizers Morocco
8%
Concentrated Milk New Zealand
8%
Non-Fillet Fresh Fish Norway
8%
Gold Switzerland
8%
Crustaceans Ecuador
0%
Precious Stones Myanmar
0%
Sulphur Qatar
0%
No matching quizzes found
Score Distribution
Percent of People with Each Score
Percentile by Number Answered
Your Score History
You have not taken this quiz